Prípadová šúdia analýzy spoľahlivosti dotazníka

Popis pedagogického experimentu, kde sú sledované a vyhodnocované možnosti ovplyvňovania negatívnych postojov a vzťahov študentov k fyzike prostredníctvom multimediálnych učebných materiálov. Analýza spoľahlivosti/položiek. Cronbachov koeficient alfa. Analýza spoľahlivosti dotazníka.

Uložené v:
Podrobná bibliografia
Hlavný autor: Munk, Michal
Ďalší autori: Záhorec, Ján
Médium: Kapitola
Jazyk:Slovak
Predmet:
Tagy: Pridať tag
Žiadne tagy, Buďte prvý, kto otaguje tento záznam!

MARC

LEADER 00000naa$a2200000$$$4500
001 0093416
005 20221020080651.8
041 0 |a slo 
044 |a SK 
245 1 0 |a Prípadová šúdia analýzy spoľahlivosti dotazníka  |c Michal Munk, Ján Záhorec 
520 |a Popis pedagogického experimentu, kde sú sledované a vyhodnocované možnosti ovplyvňovania negatívnych postojov a vzťahov študentov k fyzike prostredníctvom multimediálnych učebných materiálov. Analýza spoľahlivosti/položiek. Cronbachov koeficient alfa. Analýza spoľahlivosti dotazníka. 
610 2 0 |a štúdie prípadové 
610 2 0 |a analýzy 
610 2 0 |a dotazníky 
610 2 0 |a matice 
610 2 0 |a korelácia 
610 2 0 |a metódy štatistické 
610 2 0 |a štatistika 
100 1 |a Munk, Michal 
700 1 |a Záhorec, Ján